000
00282nam a2200121Ia 4500
100
_a
Srinivasan/A/V
942
_c
BK
654
_a
japanese
245
_a
Japanese management:the indian concepts
260
_b
Tata Mc Graw hill
_a
New Delhi
_c
1992
300
_a
205
546
_a
ENGLISH
999
_c
33961
_d
33961